| 000 | 00616nam a2200217 i 4500 | ||
|---|---|---|---|
| 001 | 146831 | ||
| 003 | ES-MaACL | ||
| 005 | 20230906201703.0 | ||
| 007 | t| | ||
| 008 | 070918s1977 fr ||||1| fre d | ||
| 020 | _a2-267-00080-6 | ||
| 080 | _a141.8 | ||
| 100 | 1 |
_aTronti, Mario. _9111509 |
|
| 245 | 1 | 0 |
_aOuvriers et capital / _cMario Tronti ; traduit par Y. Moulier avec la collaboration de G. Bezza. |
| 260 |
_aParis : _bChristian Bourgois, _c1977. |
||
| 300 |
_a384 p. ; _c20 cm. |
||
| 490 | 1 | _aCibles | |
| 830 | 0 |
_aCibles _9187431 |
|
| 852 |
_aES-MaACL _jL-11264 _bR.112917 |
||
| 999 |
_c146831 _d146831 |
||